<The> teaching of economics in France. Some issues.

Diskusie o problematike ekonomického vzdelávania vo Francúzsku na pôde ministerstva školstva. Výklad o francúzskom školskom systéme ako celku. Analýza cieľov ekonomického vzdelávania na stredných a vysokých školách. Náčrt stratégie reformy ekonomického vzdelávania vo Francúzsku.

Na minha lista:
Detalhes bibliográficos
Autor principal: Lesourne, Jacques
Formato: Capítulo de Livro
Idioma:inglês
Assuntos:
Tags: Adicionar Tag
Sem tags, seja o primeiro a adicionar uma tag!

MARC

LEADER 00000naa a2200000 4500
001 r004720
005 20221208122538.9
041 0 |a eng 
044 |a NL 
245 1 0 |a <The> teaching of economics in France.  |b Some issues.  |c Jacques Lesourne 
520 |a Diskusie o problematike ekonomického vzdelávania vo Francúzsku na pôde ministerstva školstva. Výklad o francúzskom školskom systéme ako celku. Analýza cieľov ekonomického vzdelávania na stredných a vysokých školách. Náčrt stratégie reformy ekonomického vzdelávania vo Francúzsku. 
610 2 0 |a vzdelanie ekonomické 
610 2 0 |a Francúzsko 
610 2 0 |a školy vysoké 
610 2 0 |a školy stredné 
610 2 0 |a reformy školské 
100 1 |a Lesourne, Jacques